| 000 | 00361 a2200121 4500 | ||
|---|---|---|---|
| 001 | ART_13099 | ||
| 005 | 20260410161735.0 | ||
| 008 | 260409a | ||
| 245 | 1 | 0 | _aEl mundo cambia...¿Cambia la Argentina? |
| 100 | 1 | _aFloria, Carlos A. | |
| 700 | 1 | _aSzewach, Enrique | |
| 773 | 0 |
_tEjecutivos de finanzas _g- Año 7, Nº 68 (ago. 1990) _wREV2863 |
|
| 999 |
_c18229 _d18229 |
||